Blackboard Blitz: New Testament Quiz Stats

 Plays Quiz Updated May 10, 2018

Challenge
Share
Tweet
Score 0/12 Timer 01:00
18 Plays Today
% Correct
Genesis
86.1%
Dead Sea Scrolls
86%
Lebanon
84.2%
Ionians
82.6%
Jesus
82.2%
Hebron
76.9%
Malachi
71.9%
Andrew
70.3%
-2 Titus
70%
4 John
60.5%
3 Corinthians
58.3%
Paul
54.2%

You're not logged in!

Compare scores with friends on all Sporcle quizzes.
Join for Free
OR
Log In

You Might Also Like...

Show Comments

Extras

Top Quizzes Today


Score Distribution

Your Account Isn't Verified!

In order to create a playlist on Sporcle, you need to verify the email address you used during registration. Go to your Sporcle Settings to finish the process.

Report this User

Report this user for behavior that violates our Community Guidelines.

Details: